01000nam a22002657a 4500003000500000005001700005008004100022010001000063011001000073035001000083040000900093082001500102100003400117245006000151260007700211300000900288490005800297500003000355505014900385650003600534650004000570650003300610700003300643830005800676CHAP20220817042324.0971013s1973 r 00010 d a40847 a41819 a45945 cCHAP a972.02bF500aFlorescano M., Enriqueecomp. aDescripciones económicas de Nueva España, 1784-1827 aMéxico, D.F. :bINAH. Depto. de Investigaciones Históricas,c1973- . a3 v. aFuentes para la historia económica de México, 1-3 aLa biblioteca tiene : v.1 aContenido : v.1 Descripciones generales, 1784-1817 .- v.2 Provincias del norte, 1790-1814 .- v.3 Provincias del centro, sudeste y sur, 1766-182714aHistoria económicaxMéxico.14aMéxicoxCondiciones económicas.14aMéxicoxHistoriaxColonia.0 aGil Sánchez, Isabelecomp.0 aFuentes para la historia económica de México, 1-3